[Event "CAN-ch"]
[Site "Toronto CAN"]
[Date "2004.08.22"]
[Round "3.26"]
[White "Bailey, Doug"]
[Black "Southam, David"]
[Result "1-0"]
[WhiteElo "2290"]
[BlackElo "2129"]
[PlyCount "77"]
[GameId "2160767911077911"]
[EventDate "2004.08.20"]
[EventType "swiss"]
[EventRounds "11"]
[EventCountry "CAN"]

1. e4 e6 2. d4 d5 3. Nc3 Bb4 4. e5 c5 5. Bd2 Ne7 6. Nb5 Bxd2+ 7. Qxd2 O-O 8. dxc5 Nd7 9. Nf3 Nxc5 10. Bd3 Bd7 11. Nbd4 Nc6 12. O-O f6 13. Rae1 Qc7 14. Nxc6 Qxc6 15. b4 Nxd3 16. cxd3 Qb6 17. Rc1 Rac8 18. Rfe1 Rxc1 19. Rxc1 Rc8 20. Rxc8+ Bxc8 21. Qc3 Qd8 22. Qd4 b6 23. h4 Bd7 24. h5 f5 25. g4 fxg4 26. Qxg4 Qe7 27. h6 Kf8 28. hxg7+ Qxg7 29. Qg3 Qxg3+ 30. fxg3 Bb5 31. Nd4 Bxd3 32. Nxe6+ Ke7 33. Nd4 Bc4 34. a3 a6 35. Kf2 Bb5 36. Ke3 Bd7 37. Kf4 h6 38. Ke3 Kf7 39. Ne2 1-0

[Event "CAN-ch"]
[Site "Toronto CAN"]
[Date "2004.08.22"]
[Round "3.27"]
[White "Smith, Hazel"]
[Black "Gardner, Robert"]
[Result "0-1"]
[WhiteElo "2016"]
[BlackElo "2249"]
[PlyCount "80"]
[GameId "2160767911077912"]
[EventDate "2004.08.20"]
[EventType "swiss"]
[EventRounds "11"]
[EventCountry "CAN"]

1. e4 g6 2. d4 Bg7 3. Nc3 d6 4. Nf3 a6 5. Be3 b5 6. a3 Bb7 7. Bd3 Nd7 8. O-O c5 9. Re1 cxd4 10. Bxd4 Ngf6 11. a4 b4 12. Na2 a5 13. e5 dxe5 14. Nxe5 Nxe5 15. Bxe5 O-O 16. Qe2 Qd5 17. f3 Rfd8 18. Nc1 Nh5 19. Bxg7 Kxg7 20. Qxe7 Re8 21. Qxe8 Rxe8 22. Rxe8 Nf4 23. Ne2 Nxg2 24. Be4 Qd7 25. Re5 Bxe4 26. Rxe4 Qh3 27. Rg4 Ne3 28. Rg3 Qd7 29. b3 Qd2 30. Kf2 Nxc2 31. Rb1 Nd4 32. Re1 Nxb3 33. Rgg1 Nc5 34. Ra1 Nd3+ 35. Kf1 Qe3 36. Rg2 Qxf3+ 37. Kg1 Qe3+ 38. Kf1 b3 39. Rb1 b2 40. Rg3 Qf2# 0-1

[Event "CAN-ch"]
[Site "Toronto CAN"]
[Date "2004.08.22"]
[Round "3.28"]
[White "Starr (Shterenberg), Nava"]
[Black "MacDonald, Jonathan"]
[Result "0-1"]
[WhiteElo "2229"]
[BlackElo "2125"]
[PlyCount "66"]
[GameId "2160767911077913"]
[EventDate "2004.08.20"]
[EventType "swiss"]
[EventRounds "11"]
[EventCountry "CAN"]

1. e4 e5 2. Nf3 Nc6 3. d4 exd4 4. Bc4 Be7 5. Nxd4 Nf6 6. Nc3 d6 7. Nxc6 bxc6 8. Qe2 O-O 9. Be3 Ng4 10. O-O Nxe3 11. Qxe3 Bf6 12. Rad1 Qe7 13. Rfe1 Re8 14. h3 a5 15. a4 Rb8 16. b3 Qe5 17. Rd3 Bg5 18. Qe2 Re7 19. Rf3 Bd7 20. Rd1 Bf6 21. Qd2 Rbe8 22. Rg3 Qc5 23. Kh1 Qh5 24. Rf1 Qh4 25. Bd3 Be5 26. Ne2 Bxg3 27. Nxg3 d5 28. exd5 cxd5 29. Qxa5 g6 30. Qxd5 Be6 31. Qc5 f5 32. Bb5 Rd8 33. Re1 Bd5 0-1

[Event "CAN-ch"]
[Site "Toronto CAN"]
[Date "2004.08.22"]
[Round "3.29"]
[White "Schmidt, Tom"]
[Black "St Amand, Paul Jr"]
[Result "1/2-1/2"]
[WhiteElo "2216"]
[BlackElo "2139"]
[PlyCount "92"]
[GameId "2160767911077914"]
[EventDate "2004.08.20"]
[EventType "swiss"]
[EventRounds "11"]
[EventCountry "CAN"]

1. e4 c5 2. Nf3 d6 3. d4 cxd4 4. Nxd4 Nf6 5. Nc3 a6 6. Be2 e5 7. Nb3 Be7 8. O-O O-O 9. a4 Be6 10. f4 Qc7 11. Kh1 Nbd7 12. f5 Bc4 13. Be3 Rfc8 14. a5 Bb5 15. Rf2 Bc6 16. Bf3 b5 17. axb6 Nxb6 18. Qd3 Bb7 19. Na5 Nc4 20. Nxc4 Qxc4 21. Rd2 Qb4 22. Ra3 Qc4 23. Rb3 Qxd3 24. Rxd3 Bc6 25. Bg5 Bb5 26. Rd2 Kf8 27. Bxf6 gxf6 28. Be2 Bxe2 29. Rxe2 Rab8 30. Rxb8 Rxb8 31. b3 a5 32. Kg1 Rc8 33. Nd5 Bd8 34. Kf2 Ke8 35. Ke3 a4 36. b4 Kd7 37. Kd3 Ra8 38. c3 Kc6 39. Kc4 h6 40. Ra2 Bb6 41. Nxf6 Bg1 42. h3 Ra7 43. g4 Be3 44. h4 a3 45. Kb3 Bc1 46. Rc2 Bb2 1/2-1/2

[Event "CAN-ch"]
[Site "Toronto CAN"]
[Date "2004.08.22"]
[Round "3.30"]
[White "Davies, Noam"]
[Black "Urquhart, Eddie"]
[Result "0-1"]
[WhiteElo "1953"]
[BlackElo "2273"]
[PlyCount "46"]
[GameId "2160767911077915"]
[EventDate "2004.08.20"]
[EventType "swiss"]
[EventRounds "11"]
[EventCountry "CAN"]

1. e4 c5 2. Nf3 Nc6 3. d4 cxd4 4. Nxd4 Qb6 5. Nb3 Nf6 6. Nc3 e6 7. Be3 Qc7 8. a3 a6 9. f3 b5 10. Qd2 Bb7 11. Bxb5 axb5 12. Nxb5 Qe5 13. c4 Rc8 14. Bf4 Nxe4 15. Qe3 Qxb2 16. O-O e5 17. Rae1 Na5 18. Rb1 Qa2 19. Qb6 Nxb3 20. Nc7+ Rxc7 21. Qxc7 Bc5+ 22. Kh1 Nf2+ 23. Kg1 O-O 0-1

[Event "CAN-ch"]
[Site "Toronto CAN"]
[Date "2004.08.22"]
[Round "3.31"]
[White "Wang, David"]
[Black "Anastasovski, Nikola"]
[Result "1-0"]
[WhiteElo "2183"]
[BlackElo "2080"]
[PlyCount "101"]
[GameId "2160767911077916"]
[EventDate "2004.08.20"]
[EventType "swiss"]
[EventRounds "11"]
[EventCountry "CAN"]

1. e4 e5 2. Nf3 Nc6 3. Bb5 f5 4. Nc3 Nf6 5. d4 fxe4 6. Nxe5 Bb4 7. O-O Bxc3 8. bxc3 O-O 9. f3 Qe8 10. Bxc6 bxc6 11. fxe4 d6 12. Nd3 Bg4 13. Qe1 Qxe4 14. Bg5 Qg6 15. Qh4 Be2 16. Nf4 Qxc2 17. Nxe2 Qxe2 18. Rae1 Qxa2 19. Re7 Nd5 20. Rxg7+ Kxg7 21. Bh6+ Kh8 22. Bxf8 Qc2 23. h3 Qg6 24. Rf3 Ne3 25. Qf2 Nd1 26. Qe1 Nb2 27. Rg3 Re8 28. Bg7+ Kg8 29. Be5 dxe5 30. Rxg6+ hxg6 31. Qe2 Rb8 32. Qxe5 Rb7 33. Qe6+ Kg7 34. Qxc6 Rb3 35. Qxc7+ Kh6 36. Qf4+ Kg7 37. Qe5+ Kh6 38. h4 Kh7 39. Qe7+ Kh6 40. Qf6 Rb7 41. g4 Rg7 42. d5 a5 43. d6 Kh7 44. Qxg7+ Kxg7 45. d7 a4 46. d8=Q a3 47. Qe7+ Kh6 48. Qxa3 Nc4 49. Qf8+ Kh7 50. Qf7+ Kh6 51. Qg8 1-0

[Event "CAN-ch"]
[Site "Toronto CAN"]
[Date "2004.08.22"]
[Round "3.32"]
[White "Khaziyeva, Dinara"]
[Black "Ng, Gary"]
[Result "1/2-1/2"]
[WhiteElo "2098"]
[BlackElo "2180"]
[PlyCount "123"]
[GameId "2160767911077917"]
[EventDate "2004.08.20"]
[EventType "swiss"]
[EventRounds "11"]
[EventCountry "CAN"]

1. Nf3 Nf6 2. c4 c6 3. d4 d5 4. Qb3 a6 5. Nc3 e6 6. c5 Nbd7 7. Bf4 b6 8. cxb6 Qxb6 9. Qxb6 Nxb6 10. Rc1 Bb7 11. e3 Rc8 12. Bd3 Nh5 13. Bg3 Nxg3 14. hxg3 Bd6 15. Ke2 Ke7 16. Nd2 c5 17. dxc5 Bxc5 18. Nb3 Bb4 19. Rh4 a5 20. a3 g5 21. Rxh7 Bxc3 22. Rxc3 Rxc3 23. bxc3 Rxh7 24. Bxh7 f5 25. g4 a4 26. Nd2 Ba6+ 27. Ke1 Kf6 28. gxf5 exf5 29. g4 fxg4 30. Bc2 Bb5 31. Bd1 Bd7 32. Be2 Ke5 33. Bd3 Kd6 34. Kf1 Be6 35. Kg2 Kc5 36. Kg3 Nd7 37. Bc2 Kb5 38. Bd3+ Ka5 39. Be2 Ne5 40. e4 Kb6 41. exd5 Bxd5 42. Bxg4 Kc5 43. Be2 Bc4 44. Bd1 Bb5 45. Ne4+ Kd5 46. Nd2 Nc4 47. Nxc4 Kxc4 48. Be2+ Kc5 49. Kf3 g4+ 50. Ke3 Bxe2 51. Kxe2 Kc4 52. Kd2 Kb3 53. Kd3 Kxa3 54. Kc2 g3 55. fxg3 Ka2 56. g4 a3 57. g5 Ka1 58. g6 a2 59. Kd3 Kb2 60. g7 a1=Q 61. g8=Q Qf1+ 62. Kd4 1/2-1/2

[Event "CAN-ch"]
[Site "Toronto CAN"]
[Date "2004.08.22"]
[Round "3.33"]
[White "Goutor, Valentina"]
[Black "Meng, Ang"]
[Result "0-1"]
[WhiteElo "2065"]
[BlackElo "2159"]
[PlyCount "156"]
[GameId "2160767911077918"]
[EventDate "2004.08.20"]
[EventType "swiss"]
[EventRounds "11"]
[EventCountry "CAN"]

1. e4 e5 2. Nf3 Nc6 3. Bb5 a6 4. Ba4 Nf6 5. O-O b5 6. Bb3 Bd6 7. Re1 O-O 8. c3 h6 9. d3 Re8 10. Nbd2 Bf8 11. Nf1 d5 12. Ne3 dxe4 13. dxe4 Qxd1 14. Rxd1 Na5 15. Nd5 Nxb3 16. axb3 Nxd5 17. Rxd5 Be6 18. Rxe5 g6 19. Nd4 Kh7 20. Nxe6 fxe6 21. Be3 Bd6 22. Bd4 Bxe5 23. Bxe5 c6 24. Bd6 e5 25. b4 Rad8 26. Bc5 Rd2 27. Kf1 Ra8 28. Ra2 g5 29. Ke1 Rd7 30. Ra1 Kg6 31. Ke2 g4 32. Be3 h5 33. g3 Kf6 34. Bb6 Ke6 35. Bc5 Kf7 36. Be3 Ke7 37. Bb6 Rb7 38. Bc5+ Ke6 39. Rd1 Rd7 40. Ra1 Kf7 41. Be3 Ke8 42. Bb6 Rd6 43. Bc7 Re6 44. Rd1 Re7 45. Bd6 Rd7 46. Bc5 Rxd1 47. Kxd1 a5 48. bxa5 Rxa5 49. Bd6 Ra2 50. Kc2 Ra7 51. Bxe5 Re7 52. Bd4 Rxe4 53. Be3 Kd7 54. b4 Ke6 55. Kd3 Kd5 56. Bd2 Re8 57. Be3 Rf8 58. Bd4 Ra8 59. Ke3 Rf8 60. Kd3 Rf7 61. Bc5 Rf3+ 62. Be3 Rf8 63. Bd4 Re8 64. Be3 Re6 65. Bc5 Re1 66. Bd4 Rh1 67. Ke3 Rxh2 68. Kf4 Rh1 69. Kg5 Ke4 70. Kf6 Rd1 71. Kg5 Rh1 72. Kf6 Kd5 73. Kg5 Kc4 74. Kf5 Kd3 75. Ke5 Rc1 76. Kd6 Rxc3 77. Bc5 Kc4 78. Kxc6 Rb3 0-1

[Event "CAN-ch"]
[Site "Toronto CAN"]
[Date "2004.08.22"]
[Round "3.34"]
[White "Aspler, Gerald"]
[Black "Boik, Andrew"]
[Result "1/2-1/2"]
[WhiteElo "2138"]
[BlackElo "2058"]
[PlyCount "78"]
[GameId "2160767911077919"]
[EventDate "2004.08.20"]
[EventType "swiss"]
[EventRounds "11"]
[EventCountry "CAN"]

1. d4 Nf6 2. Nf3 e6 3. Bf4 b6 4. h3 Bb7 5. e3 Be7 6. Bd3 Ne4 7. Qe2 f5 8. c3 O-O 9. O-O d6 10. Rd1 a6 11. b4 Nd7 12. Nfd2 Ndf6 13. f3 Nxd2 14. Nxd2 Nd5 15. Rac1 a5 16. a3 axb4 17. axb4 Ra2 18. Bc4 Rb2 19. Qe1 Bg5 20. Bxd5 Bxd5 21. Rb1 Rxb1 22. Rxb1 Bxf4 23. exf4 b5 24. Ra1 Qd7 25. Nf1 Ra8 26. Ne3 Qc6 27. Ra5 Kf7 28. Qa1 Rxa5 29. bxa5 Qa6 30. Nxd5 exd5 31. Qa2 Ke6 32. g4 g6 33. Kf2 c5 34. Qa3 cxd4 35. cxd4 Kd7 36. gxf5 gxf5 37. Qd3 Ke6 38. Qc3 Kd7 39. Qd3 Ke6 1/2-1/2

[Event "CAN-ch"]
[Site "Toronto CAN"]
[Date "2004.08.23"]
[Round "4"]
[White "Gardner, Robert"]
[Black "Tessier, Olivier"]
[Result "1-0"]
[WhiteElo "2186"]
[BlackElo "2141"]
[PlyCount "153"]
[GameId "2160767911077920"]
[EventDate "2004.08.20"]
[EventType "swiss"]
[EventRounds "11"]
[EventCountry "CAN"]
[SourceTitle "CBM 101 Extra"]
[Source "ChessBase"]
[SourceDate "2004.09.01"]
[SourceVersion "2"]
[SourceVersionDate "2004.09.01"]
[SourceQuality "1"]

1. e4 c5 2. Nf3 Nf6 3. e5 Nd5 4. Nc3 e6 5. Nxd5 exd5 6. d4 Nc6 7. dxc5 Bxc5 8. Qxd5 d6 9. exd6 Qb6 10. Qe4+ Be6 11. Qh4 f6 12. Bd3 O-O-O 13. O-O h5 14. Be3 Bxe3 15. fxe3 Qxe3+ 16. Rf2 Rxd6 17. Re1 Qc5 18. Rxe6 Rxe6 19. Qh3 Rhe8 20. Bf5 Nd8 21. b4 Qxb4 22. c3 Qb6 23. Nd4 Kc7 24. Bxe6 Nxe6 25. Qxh5 Re7 26. Re2 Kd6 27. Qb5 Qxb5 28. Nxb5+ Kc5 29. Nd4 Kd5 30. Nf5 Rc7 31. c4+ Kxc4 32. Rxe6 Kd5 33. Re7 Rc1+ 34. Kf2 Rc2+ 35. Re2 Rc7 36. Kf3 g6 37. Rd2+ Ke5 38. Ne3 f5 39. Rd5+ Ke6 40. Ra5 b6 41. Ra6 Ke5 42. a4 f4 43. Nf1 g5 44. a5 Rc3+ 45. Ke2 Ra3 46. Rxa7 bxa5 47. Nd2 Kf5 48. h3 Re3+ 49. Kf2 Ra3 50. Nc4 Ra2+ 51. Kg1 a4 52. Ra5+ Kf6 53. Nb6 Ra1+ 54. Kh2 a3 55. Nd5+ Ke5 56. Nb4+ Ke4 57. Ra4 Kf5 58. Nc2 Ra2 59. Nd4+ Kf6 60. Nf3 Kf5 61. Ra5+ Kf6 62. Nxg5 Re2 63. Nf3 a2 64. Ra6+ Kg7 65. Nd4 Rf2 66. h4 Kh7 67. Kh3 Rd2 68. Nf3 Rf2 69. Kg4 Rxg2+ 70. Kxf4 Rb2 71. Ng5+ Kg7 72. h5 Rb4+ 73. Ne4 Rb2 74. h6+ Kh8 75. Ng5 Rb4+ 76. Kf5 Rb5+ 77. Kg6 1-0

[Event "CAN-ch"]
[Site "Toronto CAN"]
[Date "2004.08.23"]
[Round "4"]
[White "Henry, Liam"]
[Black "Day, Lawrence"]
[Result "0-1"]
[WhiteElo "2062"]
[BlackElo "2266"]
[PlyCount "102"]
[GameId "2160767911077922"]
[EventDate "2004.08.20"]
[EventType "swiss"]
[EventRounds "11"]
[EventCountry "CAN"]
[SourceTitle "CBM 101 Extra"]
[Source "ChessBase"]
[SourceDate "2004.09.01"]
[SourceVersion "2"]
[SourceVersionDate "2004.09.01"]
[SourceQuality "1"]

1. e4 g6 2. d4 Bg7 3. Nc3 d6 4. f4 a6 5. Nf3 b5 6. Bd3 Nd7 7. e5 c5 8. Ne4 cxd4 9. exd6 e6 10. Qe2 Qb6 11. b3 Nh6 12. a4 Rb8 13. axb5 axb5 14. b4 Nf5 15. Ra5 Nxd6 16. Nxd6+ Qxd6 17. Bd2 O-O 18. Bxb5 Nb6 19. O-O Nd5 20. Ne5 Nxb4 21. Bxb4 Qxb4 22. Nc6 Qc5 23. Ba4 Qb6 24. Qb5 Qxb5 25. Bxb5 Rxb5 26. Rxb5 Ba6 27. Rb8 Rxb8 28. Nxb8 Bxf1 29. Kxf1 e5 30. fxe5 Bxe5 31. Nc6 Bxh2 32. Nxd4 Be5 33. Nf3 Bf6 34. g4 g5 35. Ke2 Kg7 36. Kd3 Kg6 37. c4 h5 38. gxh5+ Kxh5 39. Ke4 g4 40. Ne1 Kg5 41. Ng2 Be7 42. Ne3 Bc5 43. Nf5 f6 44. Ng7 Kg6 45. Ne6 f5+ 46. Kd5 Be3 47. c5 g3 48. c6 Bb6 49. Nf4+ Kg5 50. Nh3+ Kg4 51. Ng1 g2 0-1

[Event "CAN-ch"]
[Site "Toronto CAN"]
[Date "2004.08.23"]
[Round "4"]
[White "McTavish, David"]
[Black "Huber, Gregory"]
[Result "1/2-1/2"]
[WhiteElo "2217"]
[BlackElo "2219"]
[PlyCount "106"]
[GameId "2160767911077925"]
[EventDate "2004.08.20"]
[EventType "swiss"]
[EventRounds "11"]
[EventCountry "CAN"]
[SourceTitle "CBM 101 Extra"]
[Source "ChessBase"]
[SourceDate "2004.09.01"]
[SourceVersion "2"]
[SourceVersionDate "2004.09.01"]
[SourceQuality "1"]

1. e4 c5 2. Nf3 e6 3. d4 cxd4 4. Nxd4 a6 5. Bd3 Nf6 6. O-O Qc7 7. c4 Nc6 8. Be3 Nxd4 9. Bxd4 Bc5 10. Bxc5 Qxc5 11. Nc3 O-O 12. Na4 Qe5 13. Kh1 b5 14. Nb6 Rb8 15. Nxc8 Rfxc8 16. cxb5 axb5 17. Qe2 d5 18. exd5 Qxe2 19. Bxe2 Nxd5 20. Rfc1 b4 21. Ba6 Rxc1+ 22. Rxc1 Kf8 23. Rc8+ Rxc8 24. Bxc8 Ke7 25. g3 Kd6 26. Ba6 Nb6 27. Bb5 Kc5 28. Be8 f6 29. Bf7 e5 30. Bb3 Nc4 31. Bxc4 Kxc4 32. Kg2 b3 33. a3 e4 34. Kf1 Kd3 35. a4 Kc4 36. Ke2 Kb4 37. Ke3 f5 38. Kf4 g6 39. g4 fxg4 40. Kxg4 Kxa4 41. Kf4 Kb4 42. Kxe4 Kc4 43. h4 h6 44. f4 h5 45. Ke3 Kd5 46. Kd3 Ke6 47. Kc3 Kf5 48. Kxb3 Kxf4 49. Kc4 g5 50. hxg5 Kxg5 51. b4 Kf5 52. Kd4 h4 53. Ke3 Ke5 1/2-1/2

[Event "CAN-ch"]
[Site "Toronto CAN"]
[Date "2004.08.23"]
[Round "4"]
[White "Voskanyan, Vahagn"]
[Black "Peng, David Yu"]
[Result "1/2-1/2"]
[WhiteElo "2271"]
[BlackElo "2038"]
[PlyCount "48"]
[GameId "2160767911077926"]
[EventDate "2004.08.20"]
[EventType "swiss"]
[EventRounds "11"]
[EventCountry "CAN"]
[SourceTitle "CBM 101 Extra"]
[Source "ChessBase"]
[SourceDate "2004.09.01"]
[SourceVersion "2"]
[SourceVersionDate "2004.09.01"]
[SourceQuality "1"]

1. e4 c5 2. Nf3 d6 3. d4 cxd4 4. Nxd4 Nf6 5. Nc3 e6 6. Be2 a6 7. a4 Qc7 8. O-O b6 9. f4 Bb7 10. Bf3 Nbd7 11. Kh1 Be7 12. Qe1 O-O 13. Be3 Rfd8 14. Rd1 Nc5 15. Bc1 d5 16. e5 Nfe4 17. b4 Nb3 18. Nce2 Nxd4 19. Nxd4 Qc3 20. Bxe4 Qxe1 21. Rfxe1 dxe4 22. c3 a5 23. b5 Rac8 24. Bb2 g6 1/2-1/2

[Event "CAN-ch"]
[Site "Toronto CAN"]
[Date "2004.08.23"]
[Round "4"]
[White "Yoos, John"]
[Black "Filipovich, David"]
[Result "1/2-1/2"]
[WhiteElo "2405"]
[BlackElo "2210"]
[PlyCount "80"]
[GameId "2160767911077927"]
[EventDate "2004.08.20"]
[EventType "swiss"]
[EventRounds "11"]
[EventCountry "CAN"]
[SourceTitle "CBM 101 Extra"]
[Source "ChessBase"]
[SourceDate "2004.09.01"]
[SourceVersion "2"]
[SourceVersionDate "2004.09.01"]
[SourceQuality "1"]

1. e4 c6 2. d4 d5 3. e5 Bf5 4. Nf3 e6 5. a3 Nd7 6. Be2 Ne7 7. Nh4 c5 8. c3 h6 9. Nxf5 Nxf5 10. Bd3 g6 11. Be3 Be7 12. O-O h5 13. Nd2 Qb6 14. Qa4 Rd8 15. dxc5 Bxc5 16. Bxc5 Qxc5 17. Nf3 Kf8 18. Qf4 Kg7 19. Rfe1 Qb6 20. Rab1 a6 21. h3 Qc5 22. Rbd1 Qe7 23. g3 Nb8 24. Re2 Nc6 25. Bb1 Na5 26. Kg2 Nc4 27. Bd3 b5 28. Ng5 Kg8 29. a4 bxa4 30. Bxc4 dxc4 31. Rxd8+ Qxd8 32. Rd2 Qe7 33. g4 hxg4 34. hxg4 Qb7+ 35. f3 Rh4 36. Ne4 Kg7 37. Re2 Qd5 38. Rd2 Qb7 39. Re2 Qd5 40. Rd2 Qb7 1/2-1/2

[Event "CAN-ch"]
[Site "Toronto CAN"]
[Date "2004.08.23"]
[Round "4.2"]
[White "Quan Zhe"]
[Black "Spraggett, Kevin"]
[Result "0-1"]
[WhiteElo "2420"]
[BlackElo "2630"]
[PlyCount "84"]
[GameId "2160767911077929"]
[EventDate "2004.08.20"]
[EventType "swiss"]
[EventRounds "11"]
[EventCountry "CAN"]

1. d4 d5 2. c4 e6 3. Nc3 Nf6 4. cxd5 exd5 5. Bg5 Be7 6. e3 c6 7. Bd3 Nbd7 8. Nge2 Nf8 9. Qc2 Ne6 10. Bxf6 Bxf6 11. O-O g6 12. b4 a6 13. Na4 O-O 14. Nc5 Qd6 15. Rac1 Bd8 16. a4 Bc7 17. Ng3 h5 18. Rfe1 h4 19. Nxe6 Qxe6 20. Nf1 Bd6 21. b5 Bb4 22. Red1 Bd7 23. bxa6 bxa6 24. e4 Rfe8 25. e5 c5 26. dxc5 Rac8 27. Qa2 Bxc5 28. h3 Ba7 29. a5 Rxc1 30. Rxc1 Qxe5 31. Bxa6 Bxh3 32. Rd1 Bxg2 33. Kxg2 h3+ 34. Kxh3 Qh5+ 35. Kg2 Qxd1 36. Qb2 Qa4 37. Qd2 Qe4+ 38. f3 Qh4 39. Qxd5 Qf2+ 40. Kh3 Kg7 41. Ng3 Rh8+ 42. Kg4 f5+ 0-1

[Event "CAN-ch"]
[Site "Toronto CAN"]
[Date "2004.08.23"]
[Round "4.3"]
[White "Tyomkin, Dimitri"]
[Black "Krnan, Tomas"]
[Result "1-0"]
[WhiteElo "2550"]
[BlackElo "2409"]
[PlyCount "97"]
[GameId "2160767911077930"]
[EventDate "2004.08.20"]
[EventType "swiss"]
[EventRounds "11"]
[EventCountry "CAN"]

1. Nf3 Nf6 2. d4 g6 3. Bg5 Bg7 4. Nbd2 O-O 5. c3 d5 6. e3 Nbd7 7. h3 Re8 8. Bf4 Nf8 9. Be2 N6d7 10. Qb3 c6 11. O-O e5 12. dxe5 Nxe5 13. Nxe5 Bxe5 14. Bxe5 Rxe5 15. Nf3 Re7 16. Rfd1 Qb6 17. Rd2 Bf5 18. Nd4 Be6 19. Qa3 Ree8 20. c4 dxc4 21. Nxe6 Nxe6 22. Bxc4 c5 23. Rad1 Rac8 24. Rd7 Rc7 25. Bxe6 Rxe6 26. Rd8+ Kg7 27. Qc3+ f6 28. R1d7+ Rxd7 29. Rxd7+ Kh8 30. Qd3 Qc6 31. Rd8+ Re8 32. Rxe8+ Qxe8 33. Qd6 Qf7 34. Qxc5 b6 35. Qd6 Kg7 36. a4 Qb7 37. b4 g5 38. a5 Kg6 39. Qd3+ Kh6 40. a6 Qc6 41. b5 Qc1+ 42. Kh2 Qb2 43. Qf5 Qc3 44. g3 Qa1 45. Kg2 Qb2 46. Qd7 Qe5 47. Qxa7 Qe4+ 48. Kh2 Qf3 49. Qb7 1-0

[Event "CAN-ch"]
[Site "Toronto CAN"]
[Date "2004.08.23"]
[Round "4.7"]
[White "Jiganchine, Roman"]
[Black "Sasata, Robert"]
[Result "1-0"]
[WhiteElo "2218"]
[BlackElo "2355"]
[PlyCount "119"]
[GameId "2160767911077932"]
[EventDate "2004.08.20"]
[EventType "swiss"]
[EventRounds "11"]
[EventCountry "CAN"]

1. e4 e5 2. Nf3 Nc6 3. Bb5 a6 4. Ba4 Nf6 5. O-O Be7 6. Re1 b5 7. Bb3 d6 8. c3 O-O 9. h3 Na5 10. Bc2 c5 11. d4 Qc7 12. Nbd2 cxd4 13. cxd4 Rd8 14. d5 Bd7 15. Bd3 Rdc8 16. Kh2 Qb6 17. Qe2 Nh5 18. g3 Nb7 19. Nb3 g6 20. Be3 Qd8 21. Rac1 Qe8 22. Qd2 a5 23. Rxc8 Bxc8 24. Rc1 Qd7 25. Bf1 a4 26. Na1 Na5 27. b3 axb3 28. axb3 Qb7 29. Qb4 Bd7 30. Nxe5 Be8 31. Nf3 Nf6 32. Bd3 Nd7 33. Qxb5 Ne5 34. Qxb7 Nxf3+ 35. Kg2 Nxb7 36. Kxf3 Bf6 37. Nc2 Nc5 38. Bc4 Rb8 39. Bxc5 dxc5 40. Re1 Be5 41. Ke2 f5 42. exf5 gxf5 43. Kd3 Bd6 44. Re6 Rd8 45. f4 Bf7 46. Re1 Ra8 47. Ra1 Rxa1 48. Nxa1 Bh5 49. Ke3 Kf8 50. Bd3 Bg6 51. g4 Bf7 52. Bxf5 Bxd5 53. Bxh7 Bc7 54. Bd3 Ba5 55. Bc4 Bg2 56. Nc2 Bd8 57. Kf2 Be4 58. Ne3 Bh4+ 59. Ke2 Ke7 60. Bd3 1-0

[Event "CAN-ch"]
[Site "Toronto CAN"]
[Date "2004.08.23"]
[Round "4.9"]
[White "Cazelais, Marc"]
[Black "MacPhail, John"]
[Result "0-1"]
[WhiteElo "2192"]
[BlackElo "2333"]
[PlyCount "110"]
[GameId "2160767911077933"]
[EventDate "2004.08.20"]
[EventType "swiss"]
[EventRounds "11"]
[EventCountry "CAN"]

1. e4 c5 2. c3 Nf6 3. e5 Nd5 4. d4 cxd4 5. Nf3 Nc6 6. Bc4 Nb6 7. Bb3 d5 8. exd6 Qxd6 9. O-O Be6 10. Na3 Bxb3 11. Qxb3 Qd5 12. Nb5 Rc8 13. Nbxd4 Qxb3 14. axb3 Nxd4 15. Nxd4 a6 16. b4 e6 17. b5 axb5 18. Ra7 b4 19. Rxb7 Nd5 20. cxb4 Bxb4 21. Nc6 Bd6 22. Na7 Rb8 23. Rxb8+ Bxb8 24. Nb5 Kd7 25. Bd2 Be5 26. Bc3 Nxc3 27. bxc3 Kc6 28. c4 Kc5 29. Re1 Bb8 30. Rc1 Rd8 31. g3 Be5 32. Kf1 Rd2 33. Ke1 Ra2 34. h4 Ra4 35. Kd2 Rxc4 36. Rxc4+ Kxc4 37. Na3+ Kd4 38. Nc2+ Ke4 39. Ke2 Bc3 40. Ne3 f5 41. f3+ Ke5 42. Ng2 g6 43. Nf4 Bd4 44. Nd3+ Kd6 45. Nf4 Be5 46. Ke3 Bxf4+ 47. gxf4 Kc5 48. Ke2 Kd4 49. Kd2 e5 50. fxe5 Kxe5 51. Ke3 h6 52. Ke2 Kf4 53. Kf2 h5 54. Kg2 Ke3 55. Kg3 f4+ 0-1

[Event "CAN-ch"]
[Site "Toronto CAN"]
[Date "2004.08.23"]
[Round "4.10"]
[White "Gravel, Simon M"]
[Black "Barron, Michael"]
[Result "1-0"]
[WhiteElo "2333"]
[BlackElo "2257"]
[PlyCount "85"]
[GameId "2160767911077934"]
[EventDate "2004.08.20"]
[EventType "swiss"]
[EventRounds "11"]
[EventCountry "CAN"]

1. c4 f5 2. Nc3 Nf6 3. g3 e5 4. Bg2 Nc6 5. e3 g6 6. Nge2 Bg7 7. d3 d6 8. Rb1 Ne7 9. O-O O-O 10. b3 g5 11. f4 h6 12. Qd2 c6 13. Ba3 Be6 14. c5 dxc5 15. Bxc5 Nd7 16. Ba3 Rf7 17. e4 Ng6 18. g4 gxf4 19. exf5 Bxf5 20. gxf5 Nh4 21. Bh3 Qg5+ 22. Kh1 Qh5 23. Ng1 Nxf5 24. Bxf5 Rxf5 25. Ne4 Nf6 26. Nxf6+ Bxf6 27. Qe2 Qg6 28. Nf3 Rd8 29. Rg1 Bg5 30. Nh4 Qe6 31. Nxf5 Qxf5 32. Qe4 Qh3 33. Be7 Qxd3 34. Qxd3 Rxd3 35. Bxg5 hxg5 36. Rxg5+ Kf7 37. Rxe5 Kf6 38. Ra5 a6 39. Rf1 f3 40. Kg1 Ke6 41. Kf2 Rd2+ 42. Kg3 Rg2+ 43. Kh3 1-0

[Event "CAN-ch"]
[Site "Toronto CAN"]
[Date "2004.08.23"]
[Round "4.11"]
[White "Lawson, Eric"]
[Black "Moskvitch, Andrei"]
[Result "1/2-1/2"]
[WhiteElo "2336"]
[BlackElo "2142"]
[PlyCount "93"]
[GameId "2160767911077935"]
[EventDate "2004.08.20"]
[EventType "swiss"]
[EventRounds "11"]
[EventCountry "CAN"]

1. e4 c5 2. Nf3 d6 3. d4 cxd4 4. Nxd4 Nf6 5. Nc3 e6 6. Bc4 a6 7. Qe2 Be7 8. Be3 Qc7 9. Bb3 Nbd7 10. Bxe6 fxe6 11. Nxe6 Qa5 12. Nxg7+ Kf7 13. Nf5 Ne5 14. Nxe7 Kxe7 15. O-O-O Be6 16. f4 Bg4 17. Qf1 Nc6 18. Re1 Rac8 19. a3 Rhe8 20. Qf2 Be6 21. h3 Nb4 22. axb4 Qa1+ 23. Kd2 Qxb2 24. Bd4 Qxb4 25. Kd3 Rxc3+ 26. Bxc3 Qc4+ 27. Kd2 Nxe4+ 28. Rxe4 Qxe4 29. Re1 Qd5+ 30. Kc1 Kd7 31. Rd1 Qc4 32. Be5 Bd5 33. Rd4 Qa2 34. Rd3 dxe5 35. Qc5 Ke6 36. Rxd5 Qa1+ 37. Kd2 exf4 38. Qd6+ Kf7 39. Qd7+ Re7 40. Rf5+ Kg6 41. Qxe7 Qd4+ 42. Ke2 Kxf5 43. Qxh7+ Kg5 44. Qg8+ Kf5 45. Qf7+ Kg5 46. Qe6 b5 47. Qe7+ 1/2-1/2

[Event "CAN-ch"]
[Site "Toronto CAN"]
[Date "2004.08.23"]
[Round "4.15"]
[White "Mikanovic, Goran"]
[Black "Nezirovic, Ozren"]
[Result "1/2-1/2"]
[WhiteElo "2349"]
[BlackElo "2122"]
[PlyCount "92"]
[GameId "2160767911077936"]
[EventDate "2004.08.20"]
[EventType "swiss"]
[EventRounds "11"]
[EventCountry "CAN"]

1. d4 g6 2. c4 Bg7 3. Nf3 Nf6 4. Nc3 O-O 5. e4 d6 6. Be2 e5 7. O-O Na6 8. Re1 c6 9. Bf1 exd4 10. Nxd4 Ng4 11. h3 Qb6 12. hxg4 Qxd4 13. g5 Qxd1 14. Rxd1 Be5 15. Be3 Nc5 16. f3 Be6 17. Rac1 a5 18. b3 f5 19. gxf6 Rxf6 20. Rc2 Raf8 21. Ne2 g5 22. Bxg5 Rg6 23. Be7 Rxf3 24. Bxd6 Bxd6 25. Rxd6 Nxe4 26. Rd8+ Rf8 27. Rxf8+ Kxf8 28. Nf4 Rf6 29. Nxe6+ Rxe6 30. Bd3 Kg7 31. Re2 Nc5 32. Rxe6 Nxe6 33. Kf2 h6 34. Ke3 Kf6 35. a3 Ke5 36. b4 axb4 37. axb4 b6 38. g3 Ng5 39. Bg6 c5 40. b5 Ne6 41. Be8 Nd4 42. Bd7 Nc2+ 43. Kd2 Nd4 44. Ke3 Nc2+ 45. Kd3 Nd4 46. Ke3 Nc2+ 1/2-1/2